Kastélyok, kúriák, várak hasznosítási lehetőségei Erdélyben az Erdővidéki régióba

Bibliográfiai részletek
Szerző: Szakáts Ibolya
További közreműködők: Bártfai Endre
Dokumentumtípus: Záródolgozat
Kulcsszavak:kastélyok
kúriák
várak
Online Access:http://dolgozattar.uni-bge.hu/15408

MARC

LEADER 00000nta a2200000 i 4500
001 dolg15408
005 20180828130115.0
008 180601suuuu hu o 000 hun d
040 |a BGE Dolgozattár Repozitórium  |b hun 
041 |a hu 
100 1 |a Szakáts Ibolya 
245 1 0 |a Kastélyok, kúriák, várak hasznosítási lehetőségei Erdélyben az Erdővidéki régióba   |c Szakáts Ibolya  |h [elektronikus dokumentum] 
516 |a Final_paper 
695 |a kastélyok 
695 |a kúriák 
695 |a várak 
700 1 |a Bártfai Endre  |e ths 
856 4 0 |u http://dolgozattar.uni-bge.hu/15408/1/SzakatsIbolya_zarodolgozat.pdf  |z Dokumentum-elérés